[Event "FRA-chT4 1516"]
[Site "Champagne Ardennes"]
[Date "2016.02.01"]
[Round "5.5"]
[White "Chebridon, Jean Louis"]
[Black "Monceau, Etienne"]
[Result "1/2-1/2"]
[WhiteElo "1620"]
[BlackElo "1707"]
[PlyCount "107"]
[EventDate "2015.12.06"]
[EventType "team-tourn"]
[EventRounds "7"]
[EventCountry "FRA"]
[SourceTitle "EXT 2024"]
[Source "ChessBase"]
[SourceDate "2023.10.10"]
[SourceVersion "1"]
[SourceVersionDate "2023.10.10"]
[SourceQuality "1"]

1. e4 e6 2. d4 d5 3. Nc3 Bb4 4. e5 c5 5. Nf3 Nc6 6. Bb5 Qb6 7. Bxc6+ bxc6 8. 0-0 cxd4 9. Nxd4 Ne7 10. Na4 Qc7 11. c3 Ba5 12. Nf3 0-0 13. Qd4 Bb6 14. Nxb6 axb6 15. Qg4 Ng6 16. Re1 f6 17. Qg3 Bd7 18. h4 Rf7 19. h5 Nf8 20. Bf4 f5 21. Qh4 Qd8 22. Bg5 Qe8 23. Qg3 c5 24. Bf6 Kh8 25. Bh4 Bc6 26. h6 g6 27. Bf6+ Kg8 28. Ng5 Rfa7 29. a3 b5 30. Qe3 Nd7 31. Rad1 Ra4 32. f4 R4a7 33. Qh3 Nf8 34. g4 fxg4 35. Qxg4 Ra4 36. Bg7 Bd7 37. Bf6 b4 38. axb4 cxb4 39. Rd4 bxc3 40. bxc3 Rd8 41. Rxa4 Bxa4 42. Qf3 Bc2 43. Ra1 Ra8 44. Qf1 Nd7 45. Rxa8 Qxa8 46. Nxe6 Qc6 47. Nd4 Qxc3 48. Nxc2 Nxf6 49. exf6 Qxc2 50. Qe1 Qe4 51. Qxe4 dxe4 52. Kf2 Kf7 53. Ke3 Kxf6 54. Kxe4 1/2-1/2

[Event "FRA-chT4 1415"]
[Site "Champagne Ardennes"]
[Date "2015.01.11"]
[Round "4.7"]
[White "Chebridon, Jean Louis"]
[Black "Roussel, Jean Marc"]
[Result "0-1"]
[WhiteElo "1513"]
[BlackElo "1690"]
[PlyCount "48"]
[EventDate "2014.10.16"]
[EventType "team-tourn"]
[EventRounds "7"]
[EventCountry "FRA"]
[SourceTitle "EXT 2024"]
[Source "ChessBase"]
[SourceDate "2023.10.10"]
[SourceVersion "1"]
[SourceVersionDate "2023.10.10"]
[SourceQuality "1"]

1. b3 e5 2. Bb2 Nc6 3. e3 Nf6 4. Nf3 d6 5. Be2 Be7 6. 0-0 0-0 7. c4 Nd7 8. d4 exd4 9. exd4 Bf6 10. Nc3 Re8 11. Nd5 Ne7 12. Nxf6+ Nxf6 13. d5 Ng6 14. Bd3 Bd7 15. Qc2 Nf4 16. Bxf6 Qxf6 17. Bxh7+ Kh8 18. Be4 Re7 19. Rfe1 Rae8 20. Re3 Rxe4 21. Rae1 Rxe3 22. fxe3 Ng6 23. Qf2 Ne5 24. Nd4 Qxf2+ 0-1

[Event "FRA-chT4 1415"]
[Site "Champagne Ardennes"]
[Date "2014.11.16"]
[Round "2.8"]
[White "Chebridon, Jean Louis"]
[Black "Pierlot, Aurore"]
[Result "1-0"]
[WhiteElo "1499"]
[BlackElo "1510"]
[PlyCount "39"]
[EventDate "2014.10.16"]
[EventType "team-tourn"]
[EventRounds "7"]
[EventCountry "FRA"]
[SourceTitle "EXT 2024"]
[Source "ChessBase"]
[SourceDate "2023.10.10"]
[SourceVersion "1"]
[SourceVersionDate "2023.10.10"]
[SourceQuality "1"]

1. b3 e5 2. Bb2 Nc6 3. e3 d5 4. Bb5 Nge7 5. Bxe5 Bd7 6. Bb2 a6 7. Be2 Bf5 8. Nf3 Nb4 9. d3 Ng6 10. 0-0 Qd6 11. Nbd2 0-0-0 12. a3 Nc6 13. d4 h5 14. c4 h4 15. cxd5 Qxd5 16. Bc4 Qd7 17. Ng5 Be6 18. Nxe6 fxe6 19. Qg4 e5 20. Be6 1-0

[Event "FRA-chT4 1314"]
[Site "Champagne Ardennes"]
[Date "2013.11.24"]
[Round "2.7"]
[White "Ramaioli, Stephane"]
[Black "Chebridon, Jean Louis"]
[Result "0-1"]
[WhiteElo "1630"]
[BlackElo "1491"]
[PlyCount "134"]
[EventDate "2013.10.25"]
[EventType "team-tourn"]
[EventRounds "7"]
[EventCountry "FRA"]
[SourceTitle "EXT 2024"]
[Source "ChessBase"]
[SourceDate "2023.10.10"]
[SourceVersion "1"]
[SourceVersionDate "2023.10.10"]
[SourceQuality "1"]

1. d4 d5 2. c4 e6 3. Nc3 Nf6 4. Bg5 Be7 5. Nf3 Nbd7 6. g3 0-0 7. Bg2 c6 8. c5 Re8 9. 0-0 Nf8 10. Bxf6 Bxf6 11. e3 Nd7 12. e4 dxe4 13. Nxe4 Be7 14. Qd2 Nf6 15. Rfe1 Nxe4 16. Rxe4 Bf6 17. Ne5 Qc7 18. Ng4 Qe7 19. Nxf6+ Qxf6 20. Rae1 Bd7 21. R1e3 Qd8 22. Rh4 f6 23. Qd3 f5 24. Qe2 Qg5 25. Rh5 Qg6 26. Bf3 Rf8 27. Rh4 Qf6 28. Qc4 Kh8 29. Re5 Rf7 30. b4 Re7 31. a4 g5 32. Rh5 Be8 33. Rh3 g4 34. Bxg4 fxg4 35. Rh4 Qf3 36. Rxe6 Bf7 37. d5 Qd1+ 38. Kg2 Bxe6 39. Qc3+ Rg7 40. dxe6 Qd5+ 41. Kf1 Qxe6 42. b5 Re8 43. Qd2 Qe4 44. Kg1 Qe1+ 45. Qxe1 Rxe1+ 46. Kg2 Re4 47. bxc6 bxc6 48. Rh6 Rg6 49. Rh5 Rxa4 50. Re5 Rf6 51. h3 gxh3+ 52. Kxh3 Ra1 53. f4 a5 54. Kg4 a4 55. Kg5 Rg6+ 56. Kf5 Rxg3 57. Kf6 Rg6+ 58. Kf7 Rag1 59. Re3 R1g3 60. Re8+ Rg8 61. Re2 a3 62. Ke7 Rg2 63. Re1 a2 64. Ra1 Rb8 65. Rd1 Rb1 66. Rd8+ Kg7 67. f5 a1Q 0-1